| 000 | 00883nam a2200385Ia 4500 | ||
|---|---|---|---|
| 008 | 210210b1921 xxu||||| |||| 00| 0 eng d | ||
| 041 | _aeng | ||
| 082 | _a546 FRIT | ||
| 100 | _aFRIEND (J Newton) | ||
| 245 |
_aText book of inorganic chemistry Vol IV Ed 2 _bAluminium and its congeners, including the rare earth metals |
||
| 250 | _a | ||
| 260 |
_aLondon _bCharles Griffin & Co Ltd. _c1921 |
||
| 300 | _axxviii,485 | ||
| 440 | _aIV | ||
| 650 | _aVol | ||
| 650 | _athe | ||
| 650 | _aText | ||
| 650 | _arare | ||
| 650 | _aof | ||
| 650 | _ametals | ||
| 650 | _aIV | ||
| 650 | _aits | ||
| 650 | _ainorganic | ||
| 650 | _aincluding | ||
| 650 | _aEd | ||
| 650 | _aearth | ||
| 650 | _acongeners, | ||
| 650 | _achemistry | ||
| 650 | _abook | ||
| 650 | _aand | ||
| 650 | _aAluminium | ||
| 650 | _a2 | ||
| 690 | _aInorganic Chemistry | ||
| 906 | _a009476 | ||
| 999 |
_c140644 _d140644 |
||